000 00479nam a2200145 a 4500
001 000039498
005 20201002031700.0
008 130703s2004 dr 000 0 spa d
040 _aDO-SdBNP
_bspa
_cBNPHU
100 1 _aCarnegie, Dale
_d1888-1955.
_98142
245 1 0 _aCómo suprimir las preocupaciones y disfrutar de la vida /
_cDale Carnegie ; traducción de Miguel de Hernani.
260 _a[s.n. :
_bs.n.,
_c190?].
300 _a209 p.
700 1 _aHernani, Miguel de
_etr.
_94206
999 _c38988
_d38988